000 00289nam a22001337a 4500
008 170328b xxu||||| |||| 00| 0 eng d
020 _a9780736720731
041 _aeng
080 _a796.3
100 _a8
101 _aSHM
245 _aSPELLING CONNECTIONS
_cGENTRY.J.R
942 _2udc
_cBK
999 _c8875
_d8875